[Event "Hong Kong-ch"]
[Site "Hong Kong"]
[Date "2010.06.28"]
[Round "11"]
[White "Chan, Yin Lok Linus"]
[Black "Chong, Chor Yuen"]
[Result "1-0"]
[WhiteElo "1753"]
[BlackElo "2077"]
[PlyCount "79"]
[EventDate "2010.04.12"]
[EventType "tourn"]
[EventRounds "11"]
[EventCountry "HKG"]
[SourceTitle "EXT 2023"]
[Source "ChessBase"]
[SourceDate "2022.10.05"]
[SourceVersion "1"]
[SourceVersionDate "2022.10.05"]
[SourceQuality "1"]

1. e4 e5 2. Nf3 Nf6 3. d4 Nxe4 4. Bd3 d5 5. dxe5 Be7 6. 0-0 Nc5 7. Be2 0-0 8. Be3 c6 9. c3 Nbd7 10. Nbd2 Re8 11. Re1 a5 12. Qc2 Nf8 13. c4 b6 14. Rad1 Qc7 15. cxd5 cxd5 16. Nb3 Bb7 17. Nbd4 Rac8 18. Qf5 Nfe6 19. Bb5 Red8 20. Ng5 Nxg5 21. Bxg5 Bxg5 22. Qxg5 Ne6 23. Nxe6 fxe6 24. Qg4 Qf7 25. Rd3 Rf8 26. Rf3 Qe7 27. Rh3 Rc7 28. Bd3 g6 29. Rh6 Rf7 30. Qh3 Qg5 31. Bxg6 Qf4 32. Bxf7+ Rxf7 33. Qg3+ Qxg3 34. hxg3 Re7 35. Rc1 Kg7 36. Rh4 Kg6 37. Rd4 Kf5 38. f4 h5 39. Kf2 Rg7 40. a4 1-0

[Event "Hong Kong-ch"]
[Site "Hong Kong"]
[Date "2010.05.03"]
[Round "4"]
[White "Chan, Kwai Keong"]
[Black "Chan, Yin Lok Linus"]
[Result "1-0"]
[WhiteElo "1861"]
[BlackElo "1753"]
[PlyCount "103"]
[EventDate "2010.04.12"]
[EventType "tourn"]
[EventRounds "11"]
[EventCountry "HKG"]
[SourceTitle "EXT 2023"]
[Source "ChessBase"]
[SourceDate "2022.10.05"]
[SourceVersion "1"]
[SourceVersionDate "2022.10.05"]
[SourceQuality "1"]

1. d4 Nf6 2. c4 g6 3. Nc3 Bg7 4. e4 d6 5. Be2 0-0 6. Nf3 e5 7. 0-0 exd4 8. Nxd4 Na6 9. a3 Nc5 10. f3 a5 11. Bg5 a4 12. Kh1 c6 13. Qd2 Qe8 14. Rad1 Nh5 15. Qe1 Bxd4 16. Rxd4 Ne6 17. Rd3 Nxg5 18. f4 Nxe4 19. Bxh5 Nxc3 20. Qxc3 Bf5 21. Re3 Qd8 22. Bf3 Qa5 23. Qf6 Rae8 24. Rc3 Qb6 25. g4 Bc8 26. Rd3 Re6 27. Qh4 Re3 28. Rd2 f5 29. Rff2 Qd8 30. g5 Rfe8 31. Rf1 Qe7 32. Qf2 Qf7 33. Rxd6 Qxc4 34. h4 Qxf1+ 35. Qxf1 Re1 36. Qxe1 Rxe1+ 37. Kg2 Kf7 38. Rd8 Be6 39. Rb8 Bd5 40. Bxd5+ cxd5 41. Rxb7+ Ke6 42. Rxh7 Re2+ 43. Kg1 Rxb2 44. Rg7 Rb3 45. Rxg6+ Kf7 46. h5 Rxa3 47. Rf6+ Kg7 48. Rxf5 Ra1+ 49. Kg2 d4 50. h6+ Kh8 51. g6 Kg8 52. Rd5 1-0

[Event "Hong Kong-ch"]
[Site "Hong Kong"]
[Date "2010.04.12"]
[Round "1"]
[White "Tsang, Hon Ki"]
[Black "Chan, Yin Lok Linus"]
[Result "1-0"]
[WhiteElo "2094"]
[BlackElo "1753"]
[PlyCount "73"]
[EventDate "2010.04.12"]
[EventType "tourn"]
[EventRounds "11"]
[EventCountry "HKG"]
[SourceTitle "EXT 2023"]
[Source "ChessBase"]
[SourceDate "2022.10.05"]
[SourceVersion "1"]
[SourceVersionDate "2022.10.05"]
[SourceQuality "1"]

1. Nf3 Nf6 2. g3 g6 3. d4 Bg7 4. Bg2 0-0 5. c4 d6 6. 0-0 Nc6 7. d5 Na5 8. Nfd2 c5 9. Nc3 a6 10. e4 Rb8 11. a4 Bg4 12. Qe1 Qd7 13. f4 e5 14. f5 gxf5 15. h3 f4 16. hxg4 Qxg4 17. Ra3 Nh5 18. Ne2 fxg3 19. Nxg3 Nf4 20. Rf2 h5 21. Nf5 h4 22. Kh2 Kh8 23. Bh3 Qh5 24. Nxd6 Rg8 25. Nf3 Nxh3 26. Kxh3 Bf6 27. Ng5 Bxg5 28. Bxg5 Nxc4 29. Bf6+ Kh7 30. Nxc4 Rg3+ 31. Kh2 Qg4 32. Qf1 Rg8 33. Bxe5 Rxa3 34. Rxf7+ Kh6 35. bxa3 Qxe4 36. Qf6+ Kh5 37. Qf5+ 1-0

[Event "Hong Kong-ch prel"]
[Site "Hong Kong"]
[Date "2010.03.01"]
[Round "6"]
[White "Kuan, Julian"]
[Black "Chan, Yin Lok Linus"]
[Result "0-1"]
[WhiteElo "1708"]
[BlackElo "1753"]
[PlyCount "106"]
[EventDate "2010.01.11"]
[EventType "swiss"]
[EventRounds "9"]
[EventCountry "HKG"]
[SourceTitle "EXT 2024"]
[Source "ChessBase"]
[SourceDate "2023.10.10"]
[SourceVersion "1"]
[SourceVersionDate "2023.10.10"]
[SourceQuality "1"]

1. e4 c5 2. Nf3 Nc6 3. d4 cxd4 4. Nxd4 Nf6 5. Nc3 e5 6. Ndb5 d6 7. Bg5 a6 8. Na3 b5 9. Bxf6 gxf6 10. Nd5 f5 11. Bxb5 axb5 12. Nxb5 Ra4 13. Nbc7+ Kd7 14. 0-0 Rxe4 15. Qh5 Ne7 16. Qxf7 Kc6 17. b4 Nxd5 18. b5+ Kb7 19. Nxd5+ Kb8 20. a4 Rg4 21. b6 Rg7 22. Qc7+ Qxc7 23. bxc7+ Rxc7 24. Nxc7 Kxc7 25. a5 Ba6 26. Rfb1 Bg7 27. Rb6 Bb7 28. Rab1 Bc6 29. a6 Ra8 30. Rb7+ Bxb7 31. Rxb7+ Kc6 32. Rxg7 Rxa6 33. h4 Ra1+ 34. Kh2 Ra2 35. Rg8 Kd5 36. Rc8 Ra4 37. Kg3 Rc4 38. Rh8 Rc7 39. Kf3 Rc3+ 40. Ke2 Rxc2+ 41. Ke3 f4+ 42. Kf3 e4+ 43. Kxf4 Rxf2+ 44. Ke3 Rxg2 45. Rxh7 Rg3+ 46. Ke2 Kd4 47. Rf7 Rg2+ 48. Kf1 Rh2 49. Rf4 Ke3 50. Rf6 d5 51. Rf5 d4 52. h5 d3 53. Kg1 d2 0-1

[Event "Hong Kong-ch prel"]
[Site "Hong Kong"]
[Date "2010.01.18"]
[Round "2"]
[White "Chan, Yin Lok Linus"]
[Black "Scott, Ian"]
[Result "1-0"]
[WhiteElo "1753"]
[BlackElo "1590"]
[PlyCount "61"]
[EventDate "2010.01.11"]
[EventType "swiss"]
[EventRounds "9"]
[EventCountry "HKG"]
[SourceTitle "EXT 2024"]
[Source "ChessBase"]
[SourceDate "2023.10.10"]
[SourceVersion "1"]
[SourceVersionDate "2023.10.10"]
[SourceQuality "1"]

1. e4 e5 2. Nf3 Nc6 3. Bc4 Nf6 4. d3 h6 5. 0-0 d6 6. c3 Be7 7. Bb3 0-0 8. Re1 Bg4 9. h3 Bh5 10. Nbd2 d5 11. exd5 Nxd5 12. Nc4 Bf6 13. g4 Bg6 14. Ncxe5 Nxe5 15. Nxe5 Bh7 16. Qf3 c6 17. d4 Kh8 18. Bf4 Bxe5 19. Bxe5 f5 20. Kh1 Qh4 21. Rg1 f4 22. Kh2 Rae8 23. Rae1 Bg6 24. Bd6 Rf6 25. Rxe8+ Bxe8 26. Bxd5 cxd5 27. Be7 Bg6 28. Bxf6 Qxf6 29. Qxd5 f3 30. Qe5 Qh4 31. Rg3 1-0